MARC

LEADER 00000nam0a2200000 4500
001 51361
005 20231031035405.0
035 |a (RuTPU)RU\TPU\book\53782 
090 |a 51361 
100 |a 20030429d1983 km y0rusy50 ca 
101 0 |a rus 
102 |a RU 
105 |a a z 001zy 
200 1 |a Электрические аппараты на напряжение 1140 в  |f А. И. Быков, В. С. Дзюбан, А. М. Убийко и др.  |g Под ред. А. М. Убийко 
210 |a Москва  |c Энергоатомиздат  |d 1983 
215 |a 159 с.  |c ил. 
320 |a Библиогр.: с. 152-155 
610 1 |a электрические аппараты 
610 1 |a электрические приборы 
610 1 |a напряжение 1140 в 
610 1 |a аварийные режимы 
610 1 |a автоматические выключатели 
610 1 |a электромагнитные пускатели 
610 1 |a электроприводы 
610 1 |a безопасность 
675 |a 621.31.002.5.027  |v 3 
701 1 |a Быков  |b А. И.  |g Алексей Иванович 
701 1 |a Дзюбан  |b В. С.  |g Виталий Серафимович 
701 1 |a Убийко  |b А. М.  |g Александр Михайлович 
701 1 |a Риман  |b Я. С.  |g Яков Семенович 
701 1 |a Сажин  |b А. Д.  |g Александр Дмитриевич 
702 1 |a Убийко  |b А. М.  |g Александр Михайлович  |4 340 
801 1 |a RU  |b 63413507  |c 20030429  |g PSBO 
801 2 |a RU  |b 63413507  |c 20201008  |g PSBO 
942 |c BK